[Event "URU-chT Regional"]
[Site "Punta del Este"]
[Date "2020.11.02"]
[Round "5.1"]
[White "Undurraga, Pablo"]
[Black "Rodriguez Bernardo, Pablo"]
[Result "1/2-1/2"]
[WhiteElo "1716"]
[BlackElo "1710"]
[PlyCount "100"]
[EventDate "2020.10.31"]
[EventType "team-swiss"]
[EventRounds "5"]
[EventCountry "URU"]
[SourceTitle "CBM 199 Extra"]
[Source "ChessBase"]
[SourceDate "2021.01.31"]
[SourceVersion "1"]
[SourceVersionDate "2021.01.31"]
[SourceQuality "1"]
[WhiteTeam "Rocha"]
[BlackTeam "Maldonado Piriapolis"]
[WhiteTeamCountry "URU"]
[BlackTeamCountry "URU"]

1. e4 c5 2. Bc4 e6 3. Nc3 a6 4. a4 Nc6 5. Nf3 d6 6. 0-0 Be7 7. d4 cxd4 8. Nxd4 Qc7 9. Bb3 Nf6 10. Kh1 0-0 11. Nf3 h6 12. Qe2 b6 13. Nd1 e5 14. c3 Bb7 15. Bc2 Rac8 16. Nh4 Nb4 17. Bb1 Nc6 18. Nf5 Rfe8 19. Nde3 Bf8 20. Ng4 Nxg4 21. Qxg4 Kh7 22. Be3 Rb8 23. b4 Bc8 24. Qf3 Be6 25. g4 Ne7 26. Bd2 g6 27. Ng3 d5 28. Bd3 Qc8 29. Nh5 Bg7 30. Nxg7 Kxg7 31. g5 hxg5 32. Bxg5 Ng8 33. exd5 Bg4 34. Qe4 f5 35. Qc4 Bf3+ 36. Kg1 Qd7 37. Qc6 Qxd5 38. Qxd5 Bxd5 39. Bxa6 Nf6 40. Bxf6+ Kxf6 41. Rfd1 Bf3 42. Rd6+ Kg5 43. Bc4 Rec8 44. Bf7 Rxc3 45. Rxg6+ Kf4 46. Be6 Ra8 47. Bd7 Rc4 48. Rxb6 Rg8+ 49. Kf1 Re4 50. Bc6 Bg2+ 1/2-1/2